000 00688nam a2200265Ia 4500
003 OSt
005 20220912144935.0
006 a|||||r|||| 00| 0
007 ta
008 220909b |||||||| |||| 00| 0 eng d
020 _a8171980074 (pbk)
024 _a113043
037 _cTextual
040 _aCSL
_beng
_cCSL
041 _aeng
082 _aB2TOb8, P9
100 _aGupta C B
245 0 _aBusiness organization and management
260 _aNew Delhi
_bMayur Paperbacks
_c2009
300 _aV.P.
_ccm.
650 _a Business management
650 _aBusiness organisation
942 _hB2TOb8, P9
_cTEXL
_2CC
999 _c19510
_d19510